000 00302nam a22001337a 4500
008 170306b xxu||||| |||| 00| 0 eng d
020 _a9781588296818
041 _aeng
080 _a575
100 _a6
101 _aSHM
245 _aATLAS GENETICS DIAGNOSIS AND COUNSELIN
_cCHEN.H
942 _2udc
_cBK
999 _c6788
_d6788